00710nam a2200169 a 4500003000200000005001700002008004100019050002800060100002500088245013900113260009000252300004000342504004100382650003400423650003400457650004900491020250424091358.0021127s19uu xx 00 eng d aPHS MT 1.M87b.E74 2005 aErez, Daphni Galvez. aA Study on musical preference of selected SISC Grade 11 students and its effects on their academic performances /cDaphni Galvez Erez. aLas Piñas City, Philippines :bSouthville International School and Colleges,c2005. a32 pages :billustrations ;c28 cm. aIncludes bibliographical references. aMusic preferencesxTeenagers. aMusicxPsychological aspects. aAcademic achievementxPsychological aspects.